Color the Scene - Forest - Statistics

General Stats
  • This quiz has been taken 21 times
  • The average score is 9 of 13
Answers on the Map
Answers color-coded by a green-red scale on the quiz's map according to % correct below.
 
Answer Stats
Answer % Correct
Leaves 1
100%
leaves 2
100%
leaves 3
100%
sky
94%
Trunk 1
94%
Trunk 2
94%
trunk 3
94%
ground
72%
moon
72%
bush
39%
Flower 1
28%
Flower 2
28%
Flower 3
28%
No matching quizzes found
Score Distribution
Percent of People with Each Score
Percentile by Number Answered
Your Score History
You have not taken this quiz